000 00795nam a22002537a 4500
005 20170123162345.0
010 _aA-791306
020 _c80.00
035 _aA-791306
037 _bCen Lib/Ret
040 _aDPL
_bUR
082 _aن
_bح ج ا
100 _aحجاب امتیاز علی
_9109692
245 _aپاگل خانہ /
_cحجاب امتیاز علی
246 _aPagal khana /
_bby Hijab Imtiaz Ali
260 _aنیی دہلی
_bوجے پبلیکیشنز
_c1992
270 _bنیی دہلی
_a٢٧٠، نو راجندرا نگر
_e110060
300 _a320p.
_c17cm(Hb)
650 _aاردو ادب
_9130445
650 _aاردو ناول
_9130446
650 _aUrdu literature
_9130447
650 _aUrdu novel
_9130448
942 _2ddc
_cUR
_hن
_mح ج ا
999 _c108823
_d108823